00581cam a2200181 a 4500008004100000020002200041245009900063250001400162260004500176300004500221500002000266504004100286650002300327700002200350003000100372005001700373040000900390  a0071391428 (hbk.)00aHarrison's principles of internal medicinenvol. II /c[edited] by Antony S. Fauci... [et al.] a16th ed.  aNew York :bMcGraw-Hill Medical,cc2005. axxix, [various] p. :bcol.ill. ;c28 cm. aIncludes index. aIncludes bibliographical references. 0aInternal medicine.1 aFauci, Anthony S.20230120204140.0 cNUST